00894cam a22002651 4500001001300000003000400013005001700017008004100034010001700075035002000092040003700112042001200149050002200161051001600183051001200199100002900211245006600240260004400306300003500350490008800385500001900473500008300492650003000575650002300605e 20000358 DLC20260227111211.0960611s1920 dcua 000 0 eng c ae 20000358  a(OCoLC)34912006 aU.S. Bur. of EducationcMoUdDLC apremarc00aL111b.A56 no. 17 aLB2342b.S8 c2d set.1 aStevens, Edwin Bicknell.00aHow much does higher education cost?cBy Edwin B. Stevens ... a[Washington,bGovt. Print. Off.,c1920] a30 p.btables, diagrs.c23 cm.0 aUnited States. Bureau of Education. Higher education circularvno. 17. August, 1919 aCaption title. aAt head of title: Department of the interior. Bureau of education, Washington. 0aEducationzUnited States. 0aEducation, Higher.